000 00843nam a2200313Ia 4500
005 20250425161814.0
008 250425s9999 xx 000 0 und d
020 _a9978401717
041 _aspa
043 _aec
082 _a305.44
100 _aSECRETARIA TECNICA, DEL FRENTE SOCIAL
245 0 _aRETRATO DE MUJERES: INDICADORES SOCIALES SOBRE LA SITUACION DE LAS INDIJENAS Y CAMPESINAS DEL ECUADOR RURAL
250 _a1A ED.
260 _aEcuador
_bS.E.
_c1998
260 _aQUITO
300 _a184
500 _aSERIE: EL DESARROLLO SOCIAL EN EL ECUADOR # 2
650 _aCAMPESINOS
650 _aCOMUNIDADES
650 _aECONOMIA
650 _aEDUCACION
650 _aPOBLACION
650 _aSALUD
650 _aTRABAJO
710 _aSECRETARIA TECNICA DEL FRENTE SOCIAL
942 _c01
010 _a30357
999 _c216463
_d216463